MARC details
| 000 -CABECERA |
| campo de control de longitud fija |
02283nam a2200229 a 4500 |
| 001 - NÚMERO DE CONTROL |
| campo de control |
000022381 |
| 005 - FECHA Y HORA DE LA ÚLTIMA TRANSACCIÓN |
| campo de control |
20240409073640.0 |
| 008 - DATOS DE LONGITUD FIJA--INFORMACIÓN GENERAL |
| campo de control de longitud fija |
101006s2007 dr c 000 0 spa d |
| 020 ## - NÚMERO INTERNACIONAL ESTÁNDAR DEL LIBRO |
| Número Internacional Estándar del Libro |
9789945161021 |
| 040 ## - FUENTE DE LA CATALOGACIÓN |
| Centro catalogador/agencia de origen |
DO-SdBNP |
| Lengua de catalogación |
spa |
| Centro/agencia transcriptor |
BNPHU |
| 082 ## - NÚMERO DE LA CLASIFICACIÓN DECIMAL DEWEY |
| Número de clasificación |
972.93053 |
| Número de documento/Ítem |
P191s |
| 245 04 - MENCIÓN DE TÍTULO |
| Título |
Los panfleteros de Santiago y su desafío a Trujillo / |
| Mención de responsabilidad, etc. |
selección y prólogo Edgar Valenzuela. |
| 260 ## - PUBLICACIÓN, DISTRIBUCIÓN, ETC. |
| Lugar de publicación, distribución, etc. |
Santo Domingo : |
| Nombre del editor, distribuidor, etc. |
CPEP, |
| Fecha de publicación, distribución, etc. |
2007. |
| 300 ## - DESCRIPCIÓN FÍSICA |
| Extensión |
172 p. : |
| Otras características físicas |
il., retrs. ; |
| Dimensiones |
22 cm. |
| 504 ## - NOTA DE BIBLIOGRAFÍA, ETC. |
| Nota de bibliografía, etc. |
Bibliografía: p. 169-170 |
| 505 0# - NOTA DE CONTENIDO CON FORMATO |
| Nota de contenido con formato |
Presentación -- Introducción -- EN EL INFIERNO DE LA -- El recuerdo de su voz -- Mi encarcelamiento -- El infierno tan temido y los panfleteros de Santiago -- La resistencia interna antes del 14 de junio de 1959 y Los Panfleteros de Santiago --Matanza de 24 jóvenes de Santiago en La 40 inicia etapa legal de la agrupación 14 de Junio -- Los Panfleteros de Santiago -- 1J4 De la apariencia a la esencia y Los Panfleteros de Santiago -- Los Panfleteros de Santiago -- Los Panfleteros -- Las Visitas de la tía muerta -- ORÍGENES DE LA CONSPIRACIÓN -- Santiago a finales de los años 50 -- Wenceslao Guillén (Wen) -- Wen Guillén y Los Panfleteros de Santiago -- Wenceslao Guillén, el Encuentro -- Wenceslao Guillén, Sus Comienzo -- Los Panfleteros de Santiago -- Los Panfleteros de Santiago -- Entrevista a Marcelo Bermúdez -- Por Manuel Bueno y su salud -- Manuel Bueno (1 de 2) -- Manuel Bueno (2 de 2) -- Hasta siempre, Manuel Bueno -- El anonimato de Los Panfleteros -- EN TORNO A LOS PANFLETEROS -- Una calle para Wenceslao Guillén -- Respuesta a una calle para Wenceslao Guillén -- Una calle para Pedro Jaime Tineo Tejada -- Radhamés Gómez Pekín respalda iniciativa -- Un parque para Los Panfleteros de Santiago -- Respuesta a un parque Los Panfleteros de Santiago -- Una tarja para Los Panfleteros de Santiago -- EPÍLOGO -- El analfabeto -- Datos biográficos de los autores -- Bibliografía -- Publicaciones de la Comisión Permanente de Efemérides Patrias 2004-2007. |
| 650 #4 - PUNTO DE ACCESO ADICIONAL DE MATERIA--TÉRMINO DE MATERIA |
| Término de materia o nombre geográfico como elemento de entrada |
Actividades clandestinas |
| 9 (RLIN) |
1375 |
| 650 #4 - PUNTO DE ACCESO ADICIONAL DE MATERIA--TÉRMINO DE MATERIA |
| Término de materia o nombre geográfico como elemento de entrada |
Victimas de tortura |
| 9 (RLIN) |
35005 |
| 700 12 - PUNTO DE ACCESO ADICIONAL--NOMBRE DE PERSONA |
| Nombre de persona |
Valenzuela, Edgar |
| 9 (RLIN) |
6575 |
| 710 1# - PUNTO DE ACCESO ADICIONAL--NOMBRE DE ENTIDAD CORPORATIVA |
| Nombre de entidad corporativa o nombre de jurisdicción como elemento de entrada |
República Dominicana |
| Unidad subordinada |
Comisión Permanente de Efemérides Patria |
| 9 (RLIN) |
45309 |
| 910 ## - DATOS DE OPCIÓN DEL USUARIO (OCLC) |
| Datos de opción del usuario |
Validado. Control de validad MFF |